Reading literary animals (Record no. 137448)
[ view plain ]
| 000 -LEADER | |
|---|---|
| fixed length control field | 00997nam a2200289Ia 4500 |
| 003 - CONTROL NUMBER IDENTIFIER | |
| control field | OSt |
| 005 - DATE AND TIME OF LATEST TRANSACTION | |
| control field | 20220918171033.0 |
| 008 - FIXED-LENGTH DATA ELEMENTS--GENERAL INFORMATION | |
| fixed length control field | 220917b |||||||| |||| 00| 0 eng d |
| 020 ## - INTERNATIONAL STANDARD BOOK NUMBER | |
| International Standard Book Number | 9781138093850 (pbk) |
| 037 ## - SOURCE OF ACQUISITION | |
| Terms of availability | Textual |
| 040 ## - CATALOGING SOURCE | |
| Original cataloging agency | ARTS |
| Transcribing agency | ARTS |
| Language of cataloging | eng |
| 041 ## - LANGUAGE CODE | |
| Source of code | eng |
| Language code of text/sound track or separate title | eng |
| 100 ## - MAIN ENTRY--PERSONAL NAME | |
| Personal name | Edwards Karen L. Ed. |
| 9 (RLIN) | 33400 |
| 245 #0 - TITLE STATEMENT | |
| Title | Reading literary animals |
| Remainder of title | medieval to modern |
| 260 ## - PUBLICATION, DISTRIBUTION, ETC. | |
| Place of publication, distribution, etc. | New York |
| Name of publisher, distributor, etc. | Routledge USA |
| Date of publication, distribution, etc. | 2020 |
| 300 ## - PHYSICAL DESCRIPTION | |
| Extent | xi,290p. |
| Dimensions | cm. |
| 490 ## - SERIES STATEMENT | |
| Series statement | Perspectives on the non - human in literature and culture |
| 650 ## - SUBJECT ADDED ENTRY--TOPICAL TERM | |
| Topical term or geographic name entry element | ANIMALS; ENGLISH LITERATURE |
| 9 (RLIN) | 33401 |
| 700 ## - ADDED ENTRY--PERSONAL NAME | |
| Personal name | Ryan Derek Ed. |
| 9 (RLIN) | 33402 |
| 700 ## - ADDED ENTRY--PERSONAL NAME | |
| Personal name | Spencer Jane Ed. |
| 9 (RLIN) | 33403 |
| 942 ## - ADDED ENTRY ELEMENTS (KOHA) | |
| Classification part | O111:g(KZ), R0 |
| Koha item type | Textual |
| Source of classification or shelving scheme | Colon Classification (CC) |
| Withdrawn status | Lost status | Damaged status | Not for loan | Home library | Current library | Date acquired | Source of acquisition | Total Checkouts | Full call number | Barcode | Date last seen | Date last checked out | Price effective from | Koha item type |
|---|---|---|---|---|---|---|---|---|---|---|---|---|---|---|
| Arts Library | Arts Library | 2022-09-18 | 041, 13/12/2019, Classic Book Service | 1 | O111:g(KZ) R0 | AL1664176 | 2025-10-30 | 2025-10-27 | 2022-09-18 | Textual |
